000
00253nam a22001097a 4500
005
20230724124010.0
008
230724b |||||||| |||| 00| 0 eng d
245
_a
CURRENT AFFAIRS TODAY
260
_c
2023
650
_a
MONTHLY MAGAZINE
_9
7861
942
_c
JRL
999
_c
8326
_d
8324